000 00471nam a2200169Ia 4500
999 _c27744
_d27744
003 OSt
005 20201215110323.0
008 190216s9999||||xx |||||||||||||| ||und||
040 _coclc
082 _a894.8121
_bKAR/K
100 _aKarippathu, R C
_97500
245 0 _aKanalppakshikal /
_cR C Karippathu
260 _bD C Books,
_c1993.
_aKottayam:
300 _a64p
650 _aKavithkal
942 _cBK
_2ddc
_h894.8121
_iKAR/K
_k894.8121
_mKAR/K